| 000 | 00668nam a2200229Ia 4500 | ||
|---|---|---|---|
| 003 | OSt | ||
| 005 | 20220918202632.0 | ||
| 006 | a|||||r|||| 00| 0 | ||
| 007 | ta | ||
| 008 | 220917b |||||||| |||| 00| 0 eng d | ||
| 024 | _a102,685 | ||
| 037 | _cTextual | ||
| 040 |
_aARTS _cARTS _beng |
||
| 041 |
_2eng _aeng |
||
| 082 | _aV2B, J7 (EV) | ||
| 100 |
_aFilliozat Jean _943231 |
||
| 245 | 0 | _aPolitical history of India from the earliest times to the 7th century AD tr from French by Philip Spratt | |
| 260 |
_aCalcutta _bSusil Gupta _c1957 |
||
| 650 | _aHISTORY | ||
| 942 |
_hV2B, J7 (EV) _cTEXL _2CC |
||
| 999 |
_c226134 _d226134 |
||